The human side of public organizations: contributions to organizational performance (Record no. 84687)

000 -LEADER
fixed length control field 01431pab a2200205 454500
008 - FIXED-LENGTH DATA ELEMENTS--GENERAL INFORMATION
fixed length control field 180718b2009 xxu||||| |||| 00| 0 eng d
100 ## - MAIN ENTRY--PERSONAL NAME
Personal name O'Toole, Laurence J., Jr.
245 ## - TITLE STATEMENT
Title The human side of public organizations: contributions to organizational performance
260 ## - PUBLICATION, DISTRIBUTION, ETC.
Date of publication, distribution, etc. 2009
300 ## - PHYSICAL DESCRIPTION
Extent p.499-518.
362 ## - DATES OF PUBLICATION AND/OR SEQUENTIAL DESIGNATION
Dates of publication and/or sequential designation Sep
520 ## - SUMMARY, ETC.
Summary, etc. Researchers in recent years have focused systematically on whether public management matters in the performance of public organizations. Internal management of organizations' human capital is one such managerial function, and a growing literature argues for its importance in delivering results. A management-and-performance model available in the literature suggests an approach to test empirically for this relationship. Here evidence from hundreds of public organizations over a 4-year period is assembled toward that end. Even when a number of other aspects of management are included, the management of human capital is related positively to virtually all performance indicators. The findings validate arguments in the recent literature of the field and emphasize the importance for performance of public organizations' investing in their people. - Reproduced.
650 ## - SUBJECT ADDED ENTRY--TOPICAL TERM
Topical term or geographic name entry element Public education
650 ## - SUBJECT ADDED ENTRY--TOPICAL TERM
Topical term or geographic name entry element Public administration
650 ## - SUBJECT ADDED ENTRY--TOPICAL TERM
Topical term or geographic name entry element Organizations
700 ## - ADDED ENTRY--PERSONAL NAME
Personal name Meier, Kenneth J.
773 ## - HOST ITEM ENTRY
Main entry heading American Review of Public Administration
908 ## - PUT COMMAND PARAMETER (RLIN)
Put command parameter N
909 ## -
-- 84687
Holdings
Withdrawn status Lost status Damaged status Not for loan Permanent Location Current Location Date acquired Serial Enumeration / chronology Barcode Date last seen Price effective from Koha item type
        Indian Institute of Public Administration Indian Institute of Public Administration 2018-07-19 Volume no: 39, Issue no: 5 AR85147 2018-07-19 2018-07-19 Articles

Powered by Koha